000
00308nam a2200109 4500
999
_c
9516
_d
9516
008
180706b ||||| |||| 00| 0 eng d
245
_a
New police chiefs named in 5 metro manila cities.
260
_a
Philippines
_b
The Philippine Star
_c
c2017
300
_a
page 5.
650
0
_9
28284
_a
Police.
942
_2
ddc
_c
PER